Toutes les villes de tous les jeux Pokémon (y compris les spin-off) - Statistiques

Statistiques générales
  • Ce quiz a été pris 10 fois
  • Le résultat moyen est 47 sur 171
Statistiques - réponses
Jeu de première apparition Ville/Village % Correct
Rouge & Bleu Bourg Palette
100%
Or & Argent Bourg Geon
86%
Rouge & Bleu Carmin-sur-Mer
86%
X & Y Illumis
86%
Rouge & Bleu Lavanville
86%
Rouge & Bleu Safrania
86%
Rouge & Bleu Azuria
71%
Rouge & Bleu Céladopole
71%
Rouge & Bleu Cramois'Ile
71%
Or & Argent Ecorcia
71%
Or & Argent Mauville
71%
Or & Argent Rosalia
71%
Or & Argent Acajou
57%
Rouge & Bleu Argenta
57%
Diamant & Perle Bonaugure
57%
X & Y Bourg Croquis
57%
Diamant & Perle Charbourg
57%
Diamant & Perle Féli-Cité
57%
Noir & Blanc Forêt Blanche
57%
Diamant & Perle Frimapic
57%
Rouge & Bleu Jadielle
57%
Noir & Blanc Janusia
57%
Rubis & Saphir Lavandia
57%
Diamant & Perle Littorella
57%
Rubis & Saphir Mérouville
57%
Noir & Blanc Ogoesse
57%
Rubis & Saphir Pacifiville
57%
Rouge & Bleu Parmanie
57%
Rubis & Saphir Poivressel
57%
Noir & Blanc Port Yoneuve
57%
Diamant & Perle Rivamar
57%
Noir & Blanc Vaguelone
57%
Diamant & Perle Vestigion
57%
Or & Argent Ville Griotte
57%
Noir & Blanc Ville Noire
57%
Diamant & Perle Voilaroc
57%
Noir & Blanc Volucité
57%
Platine Aire de Combat
43%
Platine Aire de Survie
43%
Rubis & Saphir Algatia
43%
Noir & Blanc Arabelle
43%
Rubis & Saphir Atalanopolis
43%
Diamant & Perle Bonville
43%
Rubis & Saphir Bourg-en-Vol
43%
Diamant & Perle Célestia
43%
Rubis & Saphir Cimetronelle
43%
Rubis & Saphir Clementi-Ville
43%
Or & Argent Doublonville
43%
Or & Argent Ebenelle
43%
Noir & Blanc Entrelasque
43%
Rubis & Saphir Eternara
43%
Noir & Blanc Flocombe
43%
Diamant & Perle Floraville
43%
X & Y Flusselles
43%
Or & Argent Irisia
43%
Noir & Blanc Méanville
43%
Rubis & Saphir Myokara
43%
Rubis & Saphir Nénucrique
43%
Epee & Bouclier Old Chister
43%
Or & Argent Oliville
43%
Noir 2 & Blanc 2 Ondes-sur-Mer
43%
Noir 2 & Blanc 2 Pavonnay
43%
X & Y Relifac-le-Haut
43%
Noir & Blanc Renouet
43%
Diamant & Perle Unionpolis
43%
Diamant & Perle Verchamps
43%
Rubis & Saphir Vermilava
43%
Platine Aire de Détente
29%
Noir 2 & Blanc 2 Arpentières
29%
X & Y Auffrac-les-Congères
29%
Rubis & Saphir Autéquia
29%
X & Y Batisques
29%
Donjon Mystère: Explorateurs du Temps et de l'Ombre Bourg-Trésor
29%
Soleil & Lune Ekaeka
29%
Diamant & Perle Joliberges
29%
Noir & Blanc Maillard
29%
Soleil & Lune Malié
29%
Ecarlate & Violet Mesaledo
29%
Epee & Bouclier Motorby
29%
X & Y Mozheim
29%
X & Y Neuvartault
29%
Noir 2 & Blanc 2 Papeloa
29%
Noir & Blanc Parsemille
29%
Pokémon Colosseum Pyrite
29%
Rubis & Saphir Rosyères
29%
Rubis & Saphir Vergazon
29%
X & Y Yantreizh
29%
Noir 2 & Blanc 2 Amaillide
14%
Pokémon Ranger: Nui sur Almia Bonport
14%
Pokémon Ranger: Nui sur Almia Bourg-Chicore
14%
Epee & Bouclier Corrifey
14%
X & Y Cromlach
14%
X & Y Fort Vanitas
14%
Soleil & Lune Ho'ohale
14%
Epee & Bouclier Kickenham
14%
Soleil & Lune Kokohio
14%
Soleil & Lune Konikoni
14%
X & Y La Frescale
14%
Ecarlate & Violet Levalendura
14%
Soleil & Lune Lili'i
14%
Epee & Bouclier Paddoxton
14%
Pokémon Colosseum Phénacit
14%
Poképark Wii: La Grande Aventure de Pikachu Place Union
14%
Ecarlate & Violet Plato Real
14%
Pokémon XD: Le Souffle des Ténèbres Port Amarée
14%
X & Y Port Tempères
14%
X & Y Quarellis
14%
X & Y Roche-sur-Gliffe
14%
X & Y Romant-sous-Bois
14%
Noir & Blanc Rotombourg
14%
Légendes Pokémon Arceus Rusti-Cité
14%
Pokémon Colosseum Samaragd
14%
Epee & Bouclier Skifford
14%
Epee & Bouclier Smashings
14%
Pokémon Colosseum Suerebe
14%
Soleil & Lune Village Flottant
14%
Epee & Bouclier Winscor
14%
Pokémon Shuffle Albus-Ville
0%
Ecarlate & Violet Alforneira
0%
Pokken Tournament Ancien village de Ferrum
0%
Pokémon Ranger Automnelle
0%
Pokémon Ranger: Sillages de Lumière Balnéaria
0%
Pokémon Ranger Bourg-l'Hiver
0%
Méga Donjon Mystère Bourg Tranquille
0%
Epee & Bouclier Brassiwck
0%
Pokémon Ranger: Nui sur Almia Campement Froidur
0%
Méga Donjon Mystère Capim-les-Champs
0%
Pokémon Masters EX Cordis
0%
Ecarlate & Violet Cuchalaga
0%
Ecarlate & Violet Cuencia
0%
Super Pokémon Rumble East Town
0%
Ecarlate & Violet Frigao
0%
Epee & Bouclier Greenbury
0%
Légendes Pokémon Arceus Hameau Diamant
0%
Apprends avec Pokémon, A la Conquête du clavier Hameau du Y
0%
Épée et Bouclier: Les terres enneigées de la Couronne Hameau Gelé
0%
Légendes Pokémon Arceus Hameau Perle
0%
Pokémon Ranger Ilot-Eté
0%
Pokémon Ecarlate & Violet: Le Masque Turquoise Jaderaude
0%
Ecarlate & Violet Jarramanca
0%
Méga Donjon Mystère Loliloville
0%
Epee & Bouclier Ludester
0%
Ecarlate & Violet Mezclamora
0%
Pokken Tournament Néoville
0%
Méga Donjon Mystère Noé-la-Brume
0%
Super Pokémon Rumble North Town
0%
Soleil & Lune Ohana
0%
Méga Donjon Mystère Param-les-Vents
0%
Pokémon Ranger: Sillages de Lumière Pentoblique
0%
Ecarlate & Violet Pinchoria
0%
Donjon Mystère: Equipe de Secours Rouge Place Pokémon
0%
Noir & Blanc Pont du Hameau
0%
Pokémon Shuffle Port-Blanco
0%
Ecarlate & Violet Porto Marinada
0%
Pokémon Ranger Printiville
0%
Méga Donjon Mystère Ramal-les-Sables
0%
Détective Pikachu Ryme City
0%
Ecarlate & Violet Sevaro
0%
Pokken Tournament Tellureville
0%
Pokémon Ranger: Nui sur Almia Terruptive
0%
Super Pokémon Rumble Tower Town
0%
Super Pokémon Rumble Toy Town
0%
Ultra-Soleil & Ultra-Lune Ultra-Gratte-ciel
0%
Pokémon Ranger: Nui sur Almia Véterville
0%
Poképark 2: Le Monde des Voeux Vieux-Port
0%
Pokémon Ranger: Nui sur Almia Village Alorize
0%
Pokémon Ranger: Sillages de Lumière Village Cocona
0%
Donjon Mystère: Les Portes de l'infini Village Relais
0%
Donjon Mystère: Explorateurs du Temps et de l'Ombre Village Shaymin
0%
Soleil & Lune Village Toko
0%
Super Pokémon Rumble West Twn
0%
Aucun quiz correspondant
Distribution des résultats
% des personnes avec chaque résultat
Percentile par nombre de réponses
Votre historique - résultats
Vous n’avez pas pris ce quiz